Statistics for Countries in the Eurozone

Click here to take the quiz!

General Stats

  • This quiz has been taken 398 times
    (393 since last reset)
  • The average score is 20 of 23

Answer Stats

Answer% Correct
France
97%
Germany
97%
Spain
97%
Belgium
96%
Austria
94%
Ireland
94%
Netherlands
94%
Portugal
94%
Italy
93%
Finland
92%
Greece
91%
Luxembourg
90%
Estonia
89%
Slovakia
88%
Slovenia
88%
Andorra
86%
Malta
81%
San Marino
80%
Monaco
79%
Cyprus
77%
Vatican City
60%
Kosovo
57%
Montenegro
57%

Score Distribution

Percentile by Number Answered

Percent of People with Each Score

Your Score History

You have not taken this quiz since the last reset